000
00340nam a2200145Ia 4500
008
240112s2016 xx 000 0 und d
022
_a
9748520
041
_a
eng
082
_a
616
100
_a
PATEL K.S.
245
_a
AN INT. JOU. OF QUT. RESEARCH AYURVEDA (AYU)
260
_b
MEDKNOW
_c
2016
300
_a
1-294
_c
1-4
440
_v
37
999
_c
1144951
_d
1144951